000 00312nam a2200145Ia 4500
100 _aUlrich/ Katherine
942 _cBK
654 _aComputer
245 _aFlash for Windows & Macintosh
260 _bPearson Edu
_c1999
082 _a005.133'W'
_bULR
300 _a442
546 _aENGLISH
999 _c34849
_d34849